[Event "SLO-chT1 East"]
[Site "Celje"]
[Date "2007.11.13"]
[Round "3"]
[White "Radosavljevic, Robi"]
[Black "Jazbec, Mladen"]
[Result "1/2-1/2"]
[WhiteElo "2116"]
[BlackElo "2033"]
[PlyCount "56"]
[EventDate "2007.11.11"]
[EventType "team-tourn"]
[EventRounds "9"]
[EventCountry "SLO"]
[SourceTitle "EXT 2010"]
[Source "ChessBase"]
[SourceDate "2010.11.25"]
[SourceVersion "1"]
[SourceVersionDate "2010.11.25"]
[SourceQuality "1"]

1. Nf3 Nf6 2. g3 d5 3. Bg2 c6 4. 0-0 Bg4 5. d3 Nbd7 6. c4 e6 7. Nbd2 Bd6 8. b3 0-0 9. Bb2 Qe7 10. Qc2 Rfd8 11. e4 dxe4 12. Nxe4 Nxe4 13. dxe4 e5 14. Nh4 g6 15. h3 Be6 16. Nf5 Bxf5 17. exf5 Qg5 18. Rad1 Bc7 19. fxg6 hxg6 20. Qc3 f6 21. Ba3 Nf8 22. Be7 Rxd1 23. Rxd1 a5 24. Bxf8 Rxf8 25. c5 Qf5 26. Qc4+ Kg7 27. g4 Qc8 28. a3 Rd8 1/2-1/2